[Event "WECU Championship"]
[Site "Exmouth"]
[Date "2006.04.17"]
[Round "7"]
[White "Brusey, AW."]
[Black "Gosling, Brian GE"]
[Result "1-0"]
[WhiteElo "1976"]
[BlackElo "1792"]
[PlyCount "61"]
[EventDate "2006.??.??"]

1. e4 c6 2. d4 d5 3. f3 g6 4. Nc3 Bg7 5. Be3 e6 6. Qd2 Qa5 7. h4 h5 8. Nh3 Bd7
9. b4 Qc7 10. Bf4 e5 11. dxe5 Bxe5 12. exd5 Bxh3 13. Qe2 f6 14. Rxh3 Ne7 15.
Bxe5 Qxe5 16. Qxe5 fxe5 17. O-O-O Nd7 18. dxc6 bxc6 19. Rg3 Rg8 20. Bc4 Rg7 21.
Be6 Rd8 22. Ne4 Nd5 23. Bxd5 cxd5 24. Rxd5 Ke7 25. Ra5 Ra8 26. Rg5 Ke6 27. Ra6+
Nb6 28. c4 Re8 29. c5 Kd5 30. Kb2 Nc4+ 31. Kc3 1-0

[Event "WECU Championship"]
[Site "Exmouth"]
[Date "2006.04.17"]
[Round "7"]
[White "Taylor, Geoffrey P"]
[Black "Jaques, Andrew"]
[Result "0-1"]
[WhiteElo "1880"]
[BlackElo "1872"]
[PlyCount "96"]
[EventDate "2006.??.??"]

1. e4 c6 2. d4 d5 3. Nd2 dxe4 4. Nxe4 Bf5 5. Ng3 Bg6 6. Bc4 e6 7. N1e2 Bd6 8.
O-O Qc7 9. h4 Nf6 10. Re1 O-O 11. Bd3 Nbd7 12. c4 c5 13. d5 exd5 14. cxd5 Bxd3
15. Qxd3 Ne5 16. Qd1 Neg4 17. Nf5 Bh2+ 18. Kf1 Qd7 19. Qd3 c4 20. Qf3 Rfe8 21.
Bg5 Be5 22. Kg1 Qxd5 23. Qxd5 Nxd5 24. Rad1 Nb4 25. Nc3 Nd3 26. Re2 Bh2+ 27.
Kf1 Rxe2 28. Nxe2 Ngxf2 29. Rd2 Ne4 30. Rc2 Nxg5 31. hxg5 Be5 32. Rxc4 Nxb2 33.
Rb4 b6 34. Ne7+ Kf8 35. Nc6 Nd3 36. Rb3 Nc5 37. Rh3 f6 38. Rxh7 Kf7 39. gxf6
Bxf6 40. Nf4 Rc8 41. Nxa7 Ra8 42. Nb5 Rxa2 43. Nd6+ Kg8 44. Rh3 Be5 45. Nc4
Bxf4 46. Nxb6 Ne4 47. Nd5 Ng3+ 48. Ke1 Re2+ 0-1

[Event "WECU Championship"]
[Site "Exmouth"]
[Date "2006.04.17"]
[Round "7"]
[White "Greely, Simon"]
[Black "Bass, JW."]
[Result "1/2-1/2"]
[WhiteElo "1816"]
[BlackElo "1880"]
[PlyCount "91"]
[EventDate "2006.??.??"]

1. d4 d5 2. Nf3 Nf6 3. c4 c6 4. Nc3 dxc4 5. a4 Bf5 6. e3 e6 7. Bxc4 Bb4 8. O-O
O-O 9. Bd3 Bg4 10. Qb3 Qe7 11. Ne5 Bh5 12. Bd2 c5 13. dxc5 Bxc5 14. Ne4 Nxe4
15. Bxe4 Nc6 16. Nxc6 bxc6 17. Rfc1 Bg6 18. Bxg6 hxg6 19. Qc4 Rfd8 20. Ba5 Rd5
21. b4 Bb6 22. Bxb6 axb6 23. Qxc6 Qd8 24. h3 Rd2 25. Qf3 Ra7 26. Rc6 Rad7 27.
Rac1 Rd1+ 28. Kh2 Rxc1 29. Rxc1 Rd2 30. Qf4 g5 31. Qf3 Ra2 32. Rd1 Qc7+ 33. Qg3
Qxg3+ 34. Kxg3 Rxa4 35. Rb1 f5 36. Rb2 Kf7 37. Kf3 e5 38. e4 g6 39. Ke2 Ra3 40.
b5 Ra4 41. f3 fxe4 42. fxe4 Rxe4+ 43. Kf3 Rf4+ 44. Ke3 g4 45. hxg4 Rxg4 46. Kf3
1/2-1/2

[Event "WECU Championship"]
[Site "Exmouth"]
[Date "2006.04.17"]
[Round "7"]
[White "Wolstencroft, Darryl"]
[Black "Shire, David J"]
[Result "1/2-1/2"]
[WhiteElo "2016"]
[BlackElo "1984"]
[PlyCount "24"]
[EventDate "2006.??.??"]

1. c4 e5 2. g3 Nc6 3. Bg2 Nf6 4. Nc3 Bc5 5. e3 O-O 6. Nge2 d5 7. cxd5 Nb4 8.
O-O Nbxd5 9. d4 exd4 10. exd4 Be7 11. Nxd5 Nxd5 12. Nc3 Be6 1/2-1/2

[Event "WECU Championship"]
[Site "Exmouth"]
[Date "2006.04.17"]
[Round "7"]
[White "Yeo, Michael J"]
[Black "Turner, Matthew"]
[Result "0-1"]
[WhiteElo "2088"]
[BlackElo "2432"]
[PlyCount "35"]
[EventDate "2006.??.??"]

1. e4 c5 2. Nf3 g6 3. d4 cxd4 4. Nxd4 Bg7 5. Nc3 Nc6 6. Be3 Nf6 7. Bc4 O-O 8.
Bb3 a5 9. f3 d5 10. exd5 Nb4 11. Nde2 a4 12. Nxa4 Nfxd5 13. Bd4 Bf5 14. Bxg7
Kxg7 15. Qd4+ e5 16. Qd2 Bxc2 17. Bxc2 Ne3 18. Bb3 0-1

[Event "WECU Championship"]
[Site "Exmouth"]
[Date "2006.04.17"]
[Round "7"]
[White "Roberson, Peter"]
[Black "Hegarty, Sarah"]
[Result "1/2-1/2"]
[WhiteElo "2096"]
[BlackElo "1896"]
[PlyCount "90"]
[EventDate "2006.??.??"]

1. e4 c5 2. c3 d5 3. exd5 Qxd5 4. d4 Nf6 5. Nf3 Nc6 6. dxc5 Qxd1+ 7. Kxd1 g6 8.
Be3 Ng4 9. Bb5 Nxe3+ 10. fxe3 Bd7 11. Nbd2 Bg7 12. Ke2 Ne5 13. Nxe5 Bxb5+ 14.
Nd3 Rc8 15. c4 Bc6 16. Nf3 Be4 17. Rhd1 Bxd3+ 18. Rxd3 Rxc5 19. Rad1 O-O 20.
Rd7 Rxc4 21. Rxb7 Ra4 22. a3 Bf6 23. Rd2 Rc8 24. Nd4 a6 25. Rc2 Rxc2+ 26. Nxc2
Rg4 27. g3 h5 28. b3 Rg5 29. Rb6 a5 30. a4 Rc5 31. Kd2 Rd5+ 32. Ke2 Rc5 33. Kd3
Kg7 34. Rb5 Rc3+ 35. Kd2 Rc7 36. Na3 Bc3+ 37. Kd3 Bb4 38. Nc4 Ra7 39. Ke4 e6
40. Ne5 Rc7 41. Nd3 Bd2 42. Nb2 Bb4 43. Nc4 Ra7 44. Ke5 Kh6 45. Kd4 Kg7 1/2-1/2

[Event "WECU Championship"]
[Site "Exmouth"]
[Date "2006.04.17"]
[Round "7"]
[White "Dilleigh, Stephen P"]
[Black "Abbott, MV."]
[Result "1-0"]
[WhiteElo "2040"]
[BlackElo "1816"]
[PlyCount "55"]
[EventDate "2006.??.??"]

1. d4 Nf6 2. c4 c5 3. d5 b5 4. cxb5 a6 5. bxa6 g6 6. Nc3 Bxa6 7. e4 Bxf1 8.
Kxf1 d6 9. g3 Bg7 10. Kg2 O-O 11. Nf3 Nbd7 12. Re1 Ra7 13. Qc2 Qa8 14. a4 Rb8
15. Rb1 Ne8 16. b3 Nc7 17. Bf4 Ra6 18. Nd2 Nb6 19. Nc4 Nxc4 20. bxc4 Rb4 21.
Rxb4 cxb4 22. Nb5 Nxb5 23. cxb5 Rxa4 24. Qc6 Qb8 25. b6 Ra6 26. Be3 Bc3 27. Rc1
Qd8 28. Qb5 1-0